LEADER 00983nam0-22003131i-450- 001 990003094780403321 010 $a92-64-22060-7 035 $a000309478 035 $aFED01000309478 035 $a(Aleph)000309478FED01 035 $a000309478 100 $a20000920d1980----km-y0itay50------ba 101 0 $aita 102 $aIT 200 1 $a<>Impact du tourisme sur l'environnement$eRapport général$fOrganisation de coopération et de développement économiques. 210 $aParis$cOCDE$d1980. 215 $a157 p.$d24 cm 300 $aLa pubbl. esiste anche in inglese: The Impact of Tourism on the Environment 676 $aH/0.2 676 $aH/3.9 712 2$aOrganizzazione per la cooperazione e lo sviluppo economico 801 0$aIT$bUNINA$gRICA$2UNIMARC 901 $aBK 912 $a990003094780403321 952 $aH/0.2 OCD$b10808/I$fSES 959 $aSES 996 $aImpact du tourisme sur l'environnement$9459783 997 $aUNINA DB $aING01 LEADER 00880nam0-22003131i-450 001 990001807490403321 005 20190318112528.0 010 $a88-481-0526-2 035 $a000180749 035 $aFED01000180749 035 $a(Aleph)000180749FED01 035 $a000180749 100 $a20021010d1998----km-y0itay50------ba 101 0 $aita 200 1 $aDizionario di fitoterapia e piante medicinali$fEnrica Campanini. 210 $aMilano$cTecniche Nuove$d1998 215 $aXIV, 602 p.$d24 cm 610 0 $aFitoterapia 610 0 $aPiante medicinali 676 $a615.537 700 1$aCampanini,$bEnrica$079404 801 0$aIT$bUNINA$gRICA$2UNIMARC 901 $aBK 912 $a990001807490403321 952 $a60 615.537 CAME 1998$b6461$fFAGBC 959 $aFAGBC 996 $aDizionario di fitoterapia e piante medicinali$9409959 997 $aUNINA DB $aING01